Districts of Eskişehir (Eskişehir'in ilçeleri). - Statistics

General Stats
  • This quiz has been taken 160 times
  • The average score is 9 of 14
Answer Stats
Population (Nüfus) District (İlçe) % Correct
422.423 Odunpazarı
96%
20.087 Sivrihisar
81%
384.645 Tepebaşı
81%
7.659 Mihalıççık
71%
12.587 Seyitgazi
70%
9.966 Alpu
69%
2.052 Han
69%
6.173 İnönü
68%
14.906 Çifteler
63%
2.987 Mihalgazi
63%
7.575 Mahmudiye
58%
4.621 Sarıcakaya
54%
5.155 Günyüzü
53%
5.781 Beylikova
50%
No matching quizzes found
Score Distribution
Percent of People with Each Score
Percentile by Number Answered
Your Score History
You have not taken this quiz